Wielkie Ksie̜stwo Litewskie pod rza̜dami Aleksandra Jagiellończyka

Titel: Wielkie Ksie̜stwo Litewskie pod rza̜dami Aleksandra Jagiellończyka : studia nad dziejami państwa i społeczeństwa na przełomie XV i XVI wieku / Krzysztof Pietkiewicz
Verfasser:
Ausgabe: [Wyd. 2]
Veröffentlicht: Oświęcim : Wydawn. Napoleon V, 2014
Umfang: 341 S.
Format: Buch
Sprache: Polnisch
Schlagworte:
ISBN: 9788378892847
Buchumschlag
X
Lokale Klassifikation: 45 7 F ; 45 12 F
alg: 34986531
001A    $03004:12-11-14 
001B    $01999:09-06-23 $t22:06:12.000 
001C    $03004:12-11-14 $t08:12:13.000 
001D    $03004:13-01-15 
001U    $0utf8 
001X    $00 
002@    $0Aau 
003@    $0349865310 
004A    $A978-83-7889-284-7 
007A    $0349865310 $aHEB 
010@    $apol 
011@    $a2014 
021A    $aWielkie Ksie̜stwo Litewskie pod rza̜dami Aleksandra Jagiellończyka $dstudia nad dziejami państwa i społeczeństwa na przełomie XV i XVI wieku $hKrzysztof Pietkiewicz 
028A    $7 $8Pietkiewicz, Krzysztof [Tnx] $916464007X 
032@    $a[Wyd. 2] 
033A    $pOświęcim $nWydawn. Napoleon V 
034D    $a341 S. 
044K    $#Rzeczpospolita Obojga Narodów $#Litauen Großfürstentum $#Lietuva bis 1795 $#Wielkie Księstwo Litewskie $#Velikoe Knjažestvo Litovskoe $#Vjalikae Knjastva Litoŭskae $#Grossfürstentum Litauen $74499060-1 $8Großfürstentum Litauen [Tg1] $9089174828 
045F    $a900.9479309031 $eDDC23BSB 
045F/01 $a900 
045F/03 $f09031 
045F/03 $g4793 
045G    $a340.09 $eDDC23BSB 
045G/01 $a340.09 
045G/03 $f0903 
045G/03 $f09041 
045G/03 $g4793 
046M    $aLiteraturverz. S. [322] - 341 

lok: 34986531 24
101B    $012-11-14 $t08:12:13.000 
101C    $012-11-14 
101U    $0utf8 
145Z/01 $a45 7 F 
145Z/02 $a45 12 F 

exp: 34986531 24 1 #EPN
201B/01 $013-01-15 $t14:44:19.000 
201C/01 $012-11-14 
201U/01 $0utf8 
203@/01 $0744067235 
208@/01 $a13-01-15 $bz 
209A/01 $a14.12425 $du $f050 $h14 12425 $x00 
209C/01 $a14.12425 K $h14 12425 K 
209G/01 $a73509165 $x00 
220C/01 $awal 
247C/01 $8358050-7 Marburg, Bibliothek des Herder-Instituts Marburg $9102600961 

lok: 34986531 78

exp: 34986531 78 1 #EPN
201B/01 $024-07-19 $t09:46:43.000 
201C/01 $024-07-19 
201U/01 $0utf8 
203@/01 $01056016116 
208@/01 $a24-07-19 $be 
209A/01 $a/ $f000 $x00 
209A/01 $ab*p $x01 
220C/01 $aeja 
244Z/01 $#Generalgouvernement Polen $#Polska $#Rzeczpospolita Polska $#Polska Rzeczpospolita Ludowa $#Poland $#Pologne $#République Polonaise $#Generalne Gubernatorstwo w Polsce $#Polish People's Republic $#Polska Rzeczpospolita Polen $#PRL $#RP $#Polen Generalgouvernement $#Polska Generalgouvernement $#Besetzte Polnische Gebiete $#Besetztes Gebiet in Polen $#Okupowane Polskie Obszary $#Obszary Okupowane w Polsce $#Volksrepublik Polen $#Polska Rosyjska $#Republic Polen $#Respublika Pol'ša $#Pol'skaja Narodnaja Respublika $#République de Pologne $#Polen Links der Weichsel $#Polska po Lewej Stronie Wisły $#Lenkija $#Polija $#Gubernija Carstva Pol'skago $#Republik Polen $74046496-9 $8--Tg1--Polen $x01 $9085129801 
244Z/01 $#Litauen $#Litauen $#Lithuania $#Lietuvos Respublika $#République Lithuanienne $#Lithuanie $#Litva 1918 - 1940, 1991, 9 - $#Litovskaja Respublika $#Lithuania 1918 - 1940, 1991, 9 - $#Republik Litauen $#Republic of Lithuania $#Lithuanian Republic $#Litauische Republik $#Lietuva $74074266-0 $8--Tg1--Litauen $x07 $9085209074 
247C/01 $82080>Marburg/Lahn, Herder-Institut, Forschungsbibliothek, Bibliographieportal $9336309341
LEADER 00000cam a2200000 c 4500
001 349865310
003 DE-603
005 20230609220612.0
007 tu
008 141112s2014 xx |||| | u00||u|pol c
020 |a 9788378892847 
035 |a (DE-599)HEB349865310 
040 |a DE-603  |b ger  |c DE-603  |d DE-603 
041 |a pol 
082 0 4 |8 1\u  |a 900.9479309031  |q DE-101  |2 23/BSB 
083 0 |8 2\u  |a 340.09  |q DE-101  |2 23/BSB 
085 |8 1\u  |b 900 
085 |8 1\u  |z 1  |s 09031 
085 |8 1\u  |z 2  |s 4793 
085 |8 2\u  |b 340.09 
085 |8 2\u  |z 1  |s 0903 
085 |8 2\u  |z 1  |s 09041 
085 |8 2\u  |z 2  |s 4793 
100 1 |a Pietkiewicz, Krzysztof  |0 (DE-603)16464007X 
245 0 0 |a Wielkie Ksie̜stwo Litewskie pod rza̜dami Aleksandra Jagiellończyka  |b studia nad dziejami państwa i społeczeństwa na przełomie XV i XVI wieku  |c Krzysztof Pietkiewicz 
250 |a [Wyd. 2] 
264 1 |a Oświęcim  |b Wydawn. Napoleon V  |c 2014 
300 |a 341 S. 
504 |a Literaturverz. S. [322] - 341 
651 7 |a Großfürstentum Litauen  |0 (DE-588)4499060-1  |0 (DE-603)089174828  |2 gnd 
924 0 |9 Mb 50  |a (DE-603)744067235  |b DE-Mb50  |c HES  |d c  |g 14.12425 
924 0 |9 2080  |a (DE-603)1056016116  |b DE-2080  |c HES  |d d  |g /